Introduction to Public Administration in the Philippines : (Record no. 358312)
[ view plain ]
| 000 -LEADER | |
|---|---|
| fixed length control field | 00676nam a2200193Ia 4500 |
| 003 - CONTROL NUMBER IDENTIFIER | |
| control field | SISC |
| 005 - DATE AND TIME OF LATEST TRANSACTION | |
| control field | 20180815153510.0 |
| 008 - FIXED-LENGTH DATA ELEMENTS--GENERAL INFORMATION | |
| fixed length control field | 180815s9999 xx 000 0 und d |
| 020 ## - INTERNATIONAL STANDARD BOOK NUMBER | |
| International Standard Book Number | 9789718567883 |
| 100 ## - MAIN ENTRY--PERSONAL NAME | |
| Personal name | Reyes, Danilo Dela Rosa |
| 245 ## - TITLE STATEMENT | |
| Statement of responsibility, etc | Danilo Dela Rosa Reyes, Prosperpina D. Tapales, Ma. Oliva Z. Domingo, Maria Fe Villamejor-Mendoza.-- |
| Title | Introduction to Public Administration in the Philippines : |
| Remainder of title | a reader / |
| 250 ## - EDITION STATEMENT | |
| Edition statement | 3rd ed |
| 260 ## - PUBLICATION, DISTRIBUTION, ETC. (IMPRINT) | |
| Place of publication, distribution, etc | Quezon City : |
| Name of publisher, distributor, etc | University of the Philippines |
| Date of publication, distribution, etc | 2015 |
| 300 ## - PHYSICAL DESCRIPTION | |
| Extent | x, 476 pages. |
| 440 ## - SERIES STATEMENT/ADDED ENTRY--TITLE | |
| Volume number/sequential designation | vol 1 |
| 650 ## - SUBJECT ADDED ENTRY--TOPICAL TERM | |
| Topical term or geographic name as entry element | Philippines -- Politics and government. |
| 650 ## - SUBJECT ADDED ENTRY--TOPICAL TERM | |
| Topical term or geographic name as entry element | Public administration. |
| 942 ## - ADDED ENTRY ELEMENTS (KOHA) | |
| Source of classification or shelving scheme | Library of Congress Classification |
| Koha item type | Books |
| Withdrawn status | Lost status | Damaged status | Home library | Current library | Shelving location | Date acquired | Source of acquisition | Total Checkouts | Full call number | Barcode | Date last seen | Price effective from | Koha item type |
|---|---|---|---|---|---|---|---|---|---|---|---|---|---|
| College Library | College Library | Filipiniana Section | 08/15/2018 | Library Fund | JF 1351 .R457 2015 | C21569 | 08/15/2018 | 08/15/2018 | Books |